El Estado, la lucha de clases y la violencia en Guatemala /
Bewaard in:
| Hoofdauteur: | |
|---|---|
| Formaat: | Texto |
| Taal: | Spanish |
| Onderwerpen: | |
| Tags: |
Voeg label toe
Geen labels, Wees de eerste die dit record labelt!
|
MARC
| LEADER | 00000 a a2200000 04500 | ||
|---|---|---|---|
| 001 | 44263 | ||
| 003 | cru CRAI/IIS | ||
| 005 | 20210511100822.0 | ||
| 008 | 210511b |||||||| |||| 00| 0 spa d | ||
| 040 | |c cru CRAI/IIS | ||
| 100 | 1 | |a Aguilera, Gabriel | |
| 245 | 1 | 3 | |a El Estado, la lucha de clases y la violencia en Guatemala / |c Gabriel Aguilera |
| 500 | |a Colección Centroamérica | ||
| 650 | |a VIOLENCIA | ||
| 650 | |a GUATEMALA | ||
| 650 | |a LUCHA DE CLASES | ||
| 650 | |a ESTADO | ||
| 773 | |g volumen42, número2 ( , 1980), Páginas 525-558 | ||
| 773 | 0 | |0 42271 |9 5592 |a Instituto de Investigaciones Sociales. Universidad Nacional Autónoma de México |d México: UNAM. IIS |o 15189 |t Revista Mexicana de Sociología / | |
| 942 | |2 ddc |c PP | ||
| 999 | |c 29202 |d 29202 | ||
